<?xml version="1.0" encoding="UTF-8"?>
<record
    xmlns:xsi="http://www.w3.org/2001/XMLSchema-instance"
    xsi:schemaLocation="http://www.loc.gov/MARC21/slim http://www.loc.gov/standards/marcxml/schema/MARC21slim.xsd"
    xmlns="http://www.loc.gov/MARC21/slim">

  <leader>02650ngm a22004817a 4500</leader>
  <controlfield tag="005">20171010140259.0</controlfield>
  <controlfield tag="008">110620s2007    cau|||||s|||| 000 0 eng d</controlfield>
  <datafield tag="020" ind1=" " ind2=" ">
    <subfield code="a">1404915478 </subfield>
  </datafield>
  <datafield tag="020" ind1=" " ind2=" ">
    <subfield code="a">9781404915473</subfield>
  </datafield>
  <datafield tag="082" ind1=" " ind2=" ">
    <subfield code="2">22</subfield>
    <subfield code="a">791.4372</subfield>
    <subfield code="b">MAG</subfield>
  </datafield>
  <datafield tag="245" ind1="0" ind2="4">
    <subfield code="a">The Magnificent Seven</subfield>
    <subfield code="h">[videorecording] /</subfield>
    <subfield code="c">Mirisch Company ; screenplay by William Roberts ; produced and directed by John Sturges.</subfield>
  </datafield>
  <datafield tag="250" ind1=" " ind2=" ">
    <subfield code="a">Special ed.</subfield>
  </datafield>
  <datafield tag="260" ind1=" " ind2=" ">
    <subfield code="a">Santa Monica, CA :</subfield>
    <subfield code="b">MGM Home Entertainment, 2007</subfield>
    <subfield code="c">2007</subfield>
  </datafield>
  <datafield tag="300" ind1=" " ind2=" ">
    <subfield code="a">1 videodisc (128 min.) :</subfield>
    <subfield code="b">sd., col. ; </subfield>
    <subfield code="c"> 4 3/4 in.</subfield>
  </datafield>
  <datafield tag="500" ind1=" " ind2=" ">
    <subfield code="a">Based on the Japanese film "Seven Samurai" (= Shichinin no samurai).</subfield>
  </datafield>
  <datafield tag="500" ind1=" " ind2=" ">
    <subfield code="a">Originally released as a motion picture in 1960 </subfield>
  </datafield>
  <datafield tag="500" ind1=" " ind2=" ">
    <subfield code="a">Special features: Documentary ; Audio Commentary by Eli Wallach, James Coburn, Walter Mirisch and More ; Photo Gallery ; Collectible Booklet ; Original Theatrical Trailers.</subfield>
  </datafield>
  <datafield tag="508" ind1=" " ind2=" ">
    <subfield code="a">Director of photography, Charles Lang ; film editor, Ferris Webster ;music, Elmer Bernstein</subfield>
  </datafield>
  <datafield tag="511" ind1=" " ind2=" ">
    <subfield code="a">Yul Brynner, Eli Wallach, Steve McQueen, Charles Bronson, Robert Vaughn, Brad Dexter, James Coburn, Horst Buchholz</subfield>
  </datafield>
  <datafield tag="520" ind1=" " ind2=" ">
    <subfield code="a">The citizens of a small Mexican farming village hire seven gun fighters to defend them from a ruthless and exploitative group of bandits led by Calvera. As Calvera's next raid approaches, the peasants and the gun fighters work together to prepare to defend the village.</subfield>
  </datafield>
  <datafield tag="521" ind1=" " ind2=" ">
    <subfield code="a">MPAA Rating: Not rated; Canadian Home Video Rating: PG</subfield>
  </datafield>
  <datafield tag="538" ind1=" " ind2=" ">
    <subfield code="a">DVD; Region 1, NTSC; Dolby digital mono.; widescreen format, preserving the 2.35:1 aspect ratio of the original theatrical exhibition, enhanced for 16:9 televisions.</subfield>
  </datafield>
  <datafield tag="546" ind1=" " ind2=" ">
    <subfield code="a">English, dubbed French or dubbed Spanish dialogue, English, French or Spanish subtitles; closed-captioned.</subfield>
  </datafield>
  <datafield tag="650" ind1=" " ind2=" ">
    <subfield code="9">25580</subfield>
    <subfield code="a">Vigilantes</subfield>
    <subfield code="v">Drama   </subfield>
  </datafield>
  <datafield tag="653" ind1=" " ind2=" ">
    <subfield code="c">June2011</subfield>
    <subfield code="c">June2011</subfield>
  </datafield>
  <datafield tag="655" ind1=" " ind2=" ">
    <subfield code="a">Feature films</subfield>
  </datafield>
  <datafield tag="655" ind1=" " ind2=" ">
    <subfield code="a">Western films</subfield>
  </datafield>
  <datafield tag="700" ind1=" " ind2=" ">
    <subfield code="9">25581</subfield>
    <subfield code="a">Brynner, Yul</subfield>
    <subfield code="e">act</subfield>
  </datafield>
  <datafield tag="700" ind1=" " ind2=" ">
    <subfield code="9">25582</subfield>
    <subfield code="a">Wallach, Eli</subfield>
    <subfield code="d">1915-   </subfield>
    <subfield code="e">act</subfield>
  </datafield>
  <datafield tag="700" ind1=" " ind2=" ">
    <subfield code="9">25583</subfield>
    <subfield code="a">McQueen, Steve</subfield>
    <subfield code="d">1930-1980   </subfield>
    <subfield code="e">act</subfield>
  </datafield>
  <datafield tag="700" ind1=" " ind2=" ">
    <subfield code="9">25584</subfield>
    <subfield code="a">Bronson, Charles</subfield>
    <subfield code="d">1920-2003   </subfield>
    <subfield code="e">act</subfield>
  </datafield>
  <datafield tag="700" ind1=" " ind2=" ">
    <subfield code="9">25585</subfield>
    <subfield code="a">Vaughn, Robert</subfield>
    <subfield code="d">1932-   </subfield>
    <subfield code="e">act</subfield>
  </datafield>
  <datafield tag="700" ind1=" " ind2=" ">
    <subfield code="9">25586</subfield>
    <subfield code="a">Dexter, Brad</subfield>
    <subfield code="d">1917-2002 </subfield>
    <subfield code="e">act</subfield>
  </datafield>
  <datafield tag="700" ind1=" " ind2=" ">
    <subfield code="9">25587</subfield>
    <subfield code="a">Coburn, James</subfield>
    <subfield code="e">act</subfield>
  </datafield>
  <datafield tag="700" ind1=" " ind2=" ">
    <subfield code="9">25588</subfield>
    <subfield code="a">Buchholz, Horst</subfield>
    <subfield code="d">1933-2003</subfield>
    <subfield code="e">act</subfield>
  </datafield>
  <datafield tag="700" ind1=" " ind2=" ">
    <subfield code="9">25590</subfield>
    <subfield code="a">Roberts, William S.</subfield>
    <subfield code="e">aus</subfield>
  </datafield>
  <datafield tag="700" ind1=" " ind2=" ">
    <subfield code="9">25591</subfield>
    <subfield code="a">Bernstein, Elmer</subfield>
    <subfield code="e">cmp</subfield>
  </datafield>
  <datafield tag="700" ind1=" " ind2=" ">
    <subfield code="9">25592</subfield>
    <subfield code="a">Sturges, John</subfield>
    <subfield code="d">1910-1992.   </subfield>
    <subfield code="e">pro</subfield>
    <subfield code="e">drt</subfield>
  </datafield>
  <datafield tag="710" ind1=" " ind2=" ">
    <subfield code="9">25081</subfield>
    <subfield code="a">Metro-Goldwyn-Mayer</subfield>
  </datafield>
  <datafield tag="710" ind1=" " ind2=" ">
    <subfield code="9">25589</subfield>
    <subfield code="a">Mirisch Company</subfield>
  </datafield>
  <datafield tag="710" ind1=" " ind2=" ">
    <subfield code="9">25251</subfield>
    <subfield code="a">MGM Home Entertainment Inc.</subfield>
  </datafield>
  <datafield tag="942" ind1=" " ind2=" ">
    <subfield code="2">ddc</subfield>
    <subfield code="c">CDVDMOV</subfield>
  </datafield>
  <datafield tag="999" ind1=" " ind2=" ">
    <subfield code="c">15641</subfield>
    <subfield code="d">15641</subfield>
  </datafield>
  <datafield tag="952" ind1=" " ind2=" ">
    <subfield code="0">0</subfield>
    <subfield code="1">0</subfield>
    <subfield code="2">ddc</subfield>
    <subfield code="4">0</subfield>
    <subfield code="7">0</subfield>
    <subfield code="8">Baccah</subfield>
    <subfield code="a">MAIN</subfield>
    <subfield code="b">MAIN</subfield>
    <subfield code="c">2ND</subfield>
    <subfield code="d">2011-06-20</subfield>
    <subfield code="g">144.00</subfield>
    <subfield code="h">12512</subfield>
    <subfield code="l">0</subfield>
    <subfield code="o">791.4372 MAG</subfield>
    <subfield code="p">000024268</subfield>
    <subfield code="r">2022-08-24 00:00:00</subfield>
    <subfield code="w">2011-06-20</subfield>
    <subfield code="y">CDVDMOV</subfield>
  </datafield>
</record>
